000 00816nam0a22002411 4500
001 rc\1072089
005 20041129104431.2
035 _a(NLR Aleph) 006231882
090 _a6580626
_c6580626
100 _a20041129d1980 u |0rusy50 ca
101 0 _arus
102 _aRU
105 _aa |||||||||
200 1 _aАлександр Дюма-отец в Чечено-Ингушетии, или Сто двадцать лет спустя
210 _aГрозный
_cЧеч.-Инг. кн. изд-во
_d1980
215 _a64 с.
_cил.
_d20
600 1 _aДюма
_bА.
_gАлександр
_cотец
_2psbo
700 1 _aШерипов
_bС. А.
_f1948-
_gСупьянбек Амалатбекович
801 0 _aRU
_bNLR
_gpsbo
801 1 _aRU
_bELAR
_2rusmarc
852 _aNLR
_j81-4/11015
942 _cBOOK
980 _aNB